Pays ou il y a le plus de Tamouls - Statistiques

Statistiques générales
  • Ce quiz a été pris 361 fois
  • Le résultat moyen est 6 sur 8
Statistiques - réponses
Nombre Pays % Correct
60 793 814 Inde
98%
3 092 676 Sri Lanka
92%
23 800 Guadeloupe(France)
85%
220 000 La Réunion(France)
85%
2 100 000 Malaisie
61%
200 000 Canada
59%
236 000 Singapour
58%
72 036 Île Maurice
38%
Aucun quiz correspondant
Distribution des résultats
% des personnes avec chaque résultat
Percentile par nombre de réponses
Votre historique - résultats
Vous n’avez pas pris ce quiz